MARC

LEADER 00000nam0a2200000 4500
001 351387
005 20231102010410.0
035 |a (RuTPU)RU\TPU\retro\6419 
090 |a 351387 
100 |a 20190604d1937 m y0rusy50 ca 
101 0 |a rus 
102 |a RU 
105 |a a j 001zy 
200 1 |a Электронные и ионные преобразователи тока  |e учебник для втузов  |f И. Л. Каганов 
210 |a Москва  |a Ленинград  |c ОНТИ  |c Главная редакция энергетической литературы  |d 1937 
215 |a 379 с.  |c ил. 
317 |5 63413507: КР-6490  |a Поступил в НТБ в 1987 г. в дар от вдовы ученого Е. К. Завадовской 
320 |a Библиогр.: с. 364-370 
320 |a Алфавитный указатель: с. 371-375 
606 1 |a Преобразователи тока  |2 stltpush  |3 (RuTPU)RU\TPU\subj\51328  |9 69923 
610 1 |a выпрямление 
610 1 |a механические выпрямители 
610 1 |a твердые выпрямители 
610 1 |a вакуумные выпрямители 
610 1 |a электронные выпрямители 
610 1 |a газотроны 
610 1 |a тиратроны 
610 1 |a ртутные выпрямители 
610 1 |a конструкция 
610 1 |a расчет 
610 1 |a охлаждение 
610 1 |a схемы питания 
610 1 |a ток 
610 1 |a инвертирование 
610 1 |a библиотека А. А. Воробьева 
675 |a 621.314.5  |v 4 
700 1 |a Каганов  |b И. Л. 
801 1 |a RU  |b 63413507  |c 20190604 
801 2 |a RU  |b 63413507  |c 20191031  |g RCR 
942 |c BK